Právne a daňové aspekty kryptomien
Kryptomena bitcoin ako predmet právnych vzťahov. Bitcoin - v podstate počítačový kód, nie je vecou a má určitú hodnotu a teda predstavuje určitú majetkovú hodnotu. Je to autorské dielo, čím by mohol predstavovať aj určitú formu licencie. Bitcoin slúži ako prostriedok výmeny, avšak má obmedzené množ...
Enregistré dans:
| Auteur principal: | |
|---|---|
| Format: | Chapitre de livre |
| Langue: | slovaque |
| Sujets: | |
| Tags: |
Pas de tags, Soyez le premier à ajouter un tag!
|
MARC
| LEADER | 00000naa$a2200000$$$4500 | ||
|---|---|---|---|
| 001 | 0250108 | ||
| 005 | 20190114111440.4 | ||
| 041 | 0 | |a slo | |
| 044 | |a CZ | ||
| 245 | 1 | 0 | |a Právne a daňové aspekty kryptomien |c Peter Rakovský |
| 520 | |a Kryptomena bitcoin ako predmet právnych vzťahov. Bitcoin - v podstate počítačový kód, nie je vecou a má určitú hodnotu a teda predstavuje určitú majetkovú hodnotu. Je to autorské dielo, čím by mohol predstavovať aj určitú formu licencie. Bitcoin slúži ako prostriedok výmeny, avšak má obmedzené množstvo miest jeho akceptovateľnosti, čo z neho robí len prostriedok barterového obchodu. Bitcoin v účasnosti nie je menou alebo peniazmi. Daňové aspekty bitcoinu. Metodické usmernenie Ministerstva financií Slovenskej republiky č. MF/10386/2018-721 k postupu zdaňovania virtuálnych mien. | ||
| 610 | 2 | 0 | |a mena virtuálna |
| 610 | 2 | 0 | |a právo občianske |
| 610 | 2 | 0 | |a zákonník občiansky |
| 610 | 2 | 0 | |a dane z príjmov |
| 610 | 2 | 0 | |a zdaňovanie |
| 610 | 2 | 0 | |a majetok |
| 100 | 1 | |a Rakovský, Peter | |